Подробности
| 000 -МАРКЕР |
| контрольное поле |
01246nam0a22003011 4500 |
| 001 - ИДЕНТИФИКАТОР ЗАПИСИ |
| контрольное поле |
RU\NLR\INFOCOMM_116\5000067865 |
| 005 - ИДЕНТИФИКАТОР ВЕРСИИ |
| контрольное поле |
20260406005946.0 |
| 035 ## - ДРУГИЕ СИСТЕМНЫЕ НОМЕРА |
| Идентификатор записи |
(NLR Aleph) 009161435 |
| 100 ## - ДАННЫЕ ОБЩЕЙ ОБРАБОТКИ |
| Данные общей обработки |
20100203d1921 |||y0rusy50 ca |
| 101 1# - ЯЗЫК РЕСУРСА |
| Язык текста, звукозаписи и т.д. |
венгерский |
| Язык оригинала |
русский |
| 102 ## - СТРАНА ПУБЛИКАЦИИ ИЛИ ПРОИЗВОДСТВА |
| Страна публикации |
российская федерация |
| 105 ## - ПОЛЕ КОДИРОВАННЫХ ДАННЫХ: ТЕКСТОВЫЕ МАТЕРИАЛЫ, МОНОГРАФИЧЕСКИЕ |
| Кодированные данные о монографическом текстовом документе |
y ||||000|y |
| 200 1# - ЗАГЛАВИЕ И СВЕДЕНИЯ ОБ ОТВЕТСТВЕННОСТИ |
| Основное заглавие |
A kommunizmus ábécéje |
| Сведения, относящиеся к заглавию |
Az Oroszorsz. kommunista (bolseviki) párt programmjának népszerű magyarázata |
| Первые сведения об ответственности |
Bucharin és Preobrazsenszkij |
| Последующие сведения об ответственности |
Ford. Rudbyánzky Endre |
| 205 ## - СВЕДЕНИЯ ОБ ИЗДАНИИ |
| Сведения об издании |
2. oroszorsz. kiad. |
| 210 ## - ПУБЛИКАЦИЯ, РАСПРОСТРАНЕНИЕ И ДР. |
| Место издания, распространения и т.д. |
[Μ.] |
| Имя издателя, распространителя и т. д. |
Az O. K. P. Magy. agitációs oszt. közp. irodájának kiad. |
| Место издания, распространения и т.д. |
Екатеринбург |
| Имя издателя, распространителя и т. д. |
Гос. изд-во Урал. обл. отд-ния |
| Дата издания, распространения и т.д. |
1921 |
| 215 ## - ФИЗИЧЕСКАЯ ХАРАКТЕРИСТИКА |
| Специфическое обозначение материала и объем |
331 с. |
| Размеры |
23 см |
| 225 1# - СЕРИЯ |
| Основное заглавие серии |
Kommunista könyvtár |
| 686 ## - ИНДЕКСЫ ДРУГИХ КЛАССИФИКАЦИЙ |
| Индекс |
Ф61(2)01 |
| Код системы |
|
| 700 #1 - ИМЯ ЛИЦА - ПЕРВИЧНАЯ ОТВЕТСТВЕННОСТЬ |
| Код отношения |
Автор |
| Материалы, к которым относится поле |
rus |
| Графика поля |
Латинская |
| Начальный элемент ввода |
Bucharin |
| Часть имени, кроме начального элемента ввода |
N. I. |
| Дополнения к именам, кроме дат |
гос. деятель |
| Даты |
1888-1938 |
| Расширение инициалов личного имени |
Nikolaj Ivanovič |
| Идентификатор авторитетной/нормативной записи |
RU\NLR\AUTH\77115422 |
| Системный номер авторитетной/нормативной записи |
98347 |
| 701 #1 - ИМЯ ЛИЦА - АЛЬТЕРНАТИВНАЯ ОТВЕТСТВЕННОСТЬ |
| Код отношения |
Автор |
| Графика поля |
Латинская |
| Материалы, к которым относится поле |
rus |
| Начальный элемент ввода |
Preobraženskij |
| Часть имени, кроме начального элемента ввода |
E. A. |
| Даты |
1886-1937 |
| Расширение инициалов личного имени |
Evgenij Alekseevič |
| Системный номер авторитетной/нормативной записи |
200426 |
| Идентификатор авторитетной/нормативной записи |
RU\NLR\AUTH\770200477 |
| 790 #1 - ИМЯ ЛИЦА - АЛЬТЕРНАТИВНАЯ ФОРМА |
| Системный номер авторитетной/нормативной записи |
z01701 |
| Начальный элемент ввода |
Preobrazsenszkij |
| Часть имени, кроме начального элемента ввода |
E. |
| Код отношения |
Автор |
| 801 #1 - ИСТОЧНИК ЗАПИСИ |
| Страна |
российская федерация |
| Организация |
NLR |
| Дата составления |
20100203 |
| 801 #0 - ИСТОЧНИК ЗАПИСИ |
| Страна |
российская федерация |
| Организация |
NLR |
| Правила каталогизации |
PSBO |
| 852 ## - МЕСТОНАХОЖДЕНИЕ И ШИФР ХРАНЕНИЯ |
| Идентификатор организации |
NLR |
| Шифр хранения (Call Number) |
Ип31 В-5/6 |
| 942 ## - ДОПОЛНИТЕЛЬНЫЕ ЭЛЕМЕНТЫ ЗАПИСИ (АБИС) |
| Тип экземпляра АБИС |
Книга |
| 980 ## - КОЛЛЕКЦИЯ |
| Название коллекции |
Национальная библиография |